[Event "Russian Blitz Championship (m)"]
[Site "Sochi"]
[Date "2022.10.14"]
[Round "13.8"]
[White "Sjugirov, Sanan"]
[Black "Moiseenko, Vadim"]
[Result "1-0"]
[BlackElo "2492"]
[WhiteElo "2609"]
[LiveChessVersion "1.4.8"]

1. e4 {[%clk 0:03:02]} c5 {[%clk 0:03:03]} 2. Nc3 {[%clk 0:03:02]} Nc6
{[%clk 0:03:02]} 3. Nge2 {[%clk 0:03:00]} g6 {[%clk 0:02:54]} 4. h4
{[%clk 0:02:56]} Nf6 {[%clk 0:02:47]} 5. Ng3 {[%clk 0:02:37]} h5 {[%clk 0:02:36]}
6. Bc4 {[%clk 0:02:37]} Bg7 {[%clk 0:02:27]} 7. d3 {[%clk 0:02:38]} Na5
{[%clk 0:02:16]} 8. Bg5 {[%clk 0:02:38]} Nxc4 {[%clk 0:02:06]} 9. dxc4
{[%clk 0:02:39]} d6 {[%clk 0:02:06]} 10. Qd2 {[%clk 0:02:31]} Qb6
{[%clk 0:01:47]} 11. O-O {[%clk 0:02:24]} Be6 {[%clk 0:01:45]} 12. Nd5
{[%clk 0:02:11]} Bxd5 {[%clk 0:01:43]} 13. exd5 {[%clk 0:02:11]} O-O
{[%clk 0:01:27]} 14. Rae1 {[%clk 0:02:12]} Rae8 {[%clk 0:01:27]} 15. b3
{[%clk 0:02:12]} Qc7 {[%clk 0:01:03]} 16. Re2 {[%clk 0:02:10]} Nh7
{[%clk 0:00:53]} 17. Bh6 {[%clk 0:02:10]} Qd7 {[%clk 0:00:54]} 18. Rfe1
{[%clk 0:02:07]} Bxh6 {[%clk 0:00:46]} 19. Qxh6 {[%clk 0:02:08]} Nf6
{[%clk 0:00:43]} 20. Re6 {[%clk 0:01:48]} fxe6 {[%clk 0:00:33]} 21. Qxg6+
{[%clk 0:01:00]} Kh8 {[%clk 0:00:34]} 22. Rxe6 {[%clk 0:00:41]} Rg8
{[%clk 0:00:24]} 23. Qh6+ {[%clk 0:00:40]} Nh7 {[%clk 0:00:25]} 24. Nf5
{[%clk 0:00:41]} Qxe6 {[%clk 0:00:04]} 25. dxe6 {[%clk 0:00:34]} Ref8
{[%clk 0:00:04]} 26. Nxe7 {[%clk 0:00:34]} Rg4 {[%clk 0:00:04]} 27. Ng6+
{[%clk 0:00:34]} 1-0

[Event "Russian Blitz Championship (m)"]
[Site "Sochi"]
[Date "2022.10.14"]
[Round "13.9"]
[White "Alekseev, Evgeny"]
[Black "Gontcharov, Vladislav"]
[Result "1-0"]
[BlackElo "2488"]
[WhiteElo "2579"]
[LiveChessVersion "1.4.8"]

1. e4 {[%clk 0:03:02]} e6 {[%clk 0:03:03]} 2. d4 {[%clk 0:03:02]} d5
{[%clk 0:03:05]} 3. Nc3 {[%clk 0:03:03]} Bb4 {[%clk 0:03:05]} 4. exd5
{[%clk 0:03:03]} exd5 {[%clk 0:02:59]} 5. Bd3 {[%clk 0:03:04]} Nc6
{[%clk 0:02:55]} 6. a3 {[%clk 0:03:04]} Bxc3+ {[%clk 0:02:47]} 7. bxc3
{[%clk 0:03:04]} Nge7 {[%clk 0:02:48]} 8. Qf3 {[%clk 0:03:02]} Ng6
{[%clk 0:02:12]} 9. Ne2 {[%clk 0:02:52]} O-O {[%clk 0:02:09]} 10. h4
{[%clk 0:02:14]} Re8 {[%clk 0:02:10]} 11. h5 {[%clk 0:02:13]} Nf8
{[%clk 0:02:08]} 12. Be3 {[%clk 0:02:06]} Na5 {[%clk 0:01:48]} 13. O-O
{[%clk 0:01:43]} c6 {[%clk 0:01:27]} 14. Rfe1 {[%clk 0:01:37]} Nc4
{[%clk 0:01:25]} 15. Bf4 {[%clk 0:01:36]} Ne6 {[%clk 0:01:24]} 16. Ng3
{[%clk 0:01:32]} Nxf4 {[%clk 0:01:05]} 17. Qxf4 {[%clk 0:01:28]} Be6
{[%clk 0:01:05]} 18. h6 {[%clk 0:01:14]} g6 {[%clk 0:00:45]} 19. Bxc4
{[%clk 0:01:13]} dxc4 {[%clk 0:00:45]} 20. Ne4 {[%clk 0:01:12]} Bf5
{[%clk 0:00:34]} 21. Nd6 {[%clk 0:01:05]} Rxe1+ {[%clk 0:00:19]} 22. Rxe1
{[%clk 0:01:06]} Be6 {[%clk 0:00:12]} 23. Ne4 {[%clk 0:00:49]} Qe7 24. Nf6+ Kh8
25. Qe5 Qd8 26. Qf4 Kg8 27. Rxe6+ 1-0

[Event "Russian Blitz Championship (m)"]
[Site "Sochi"]
[Date "2022.10.14"]
[Round "13.10"]
[White "Khegay, Dmitriy"]
[Black "Afanasiev, Nikita"]
[Result "1/2-1/2"]
[BlackElo "2541"]
[WhiteElo "2457"]
[LiveChessVersion "1.4.8"]

1. e4 {[%clk 0:03:03]} g6 {[%clk 0:03:03]} 2. d4 {[%clk 0:03:04]} Bg7
{[%clk 0:03:04]} 3. Nc3 {[%clk 0:03:05]} d6 {[%clk 0:03:05]} 4. Be3
{[%clk 0:03:05]} a6 {[%clk 0:03:06]} 5. Qd2 {[%clk 0:03:06]} Nd7 {[%clk 0:03:07]}
6. Nf3 {[%clk 0:02:59]} b5 {[%clk 0:03:08]} 7. a4 {[%clk 0:02:59]} b4
{[%clk 0:03:09]} 8. Ne2 {[%clk 0:02:59]} c5 {[%clk 0:03:06]} 9. c3
{[%clk 0:02:56]} bxc3 {[%clk 0:03:05]} 10. bxc3 {[%clk 0:02:58]} Ngf6
{[%clk 0:02:58]} 11. Ng3 {[%clk 0:02:58]} h5 {[%clk 0:02:51]} 12. h4
{[%clk 0:02:47]} Ng4 {[%clk 0:02:50]} 13. Bd3 {[%clk 0:02:48]} Nxe3
{[%clk 0:02:42]} 14. fxe3 {[%clk 0:02:37]} O-O {[%clk 0:02:26]} 15. O-O
{[%clk 0:02:37]} e6 {[%clk 0:02:28]} 16. Rab1 {[%clk 0:02:30]} Bh6
{[%clk 0:02:13]} 17. e5 {[%clk 0:01:44]} dxe5 {[%clk 0:02:10]} 18. dxe5
{[%clk 0:01:44]} Qc7 {[%clk 0:02:00]} 19. Ne4 {[%clk 0:01:43]} Nxe5
{[%clk 0:01:56]} 20. Nf6+ {[%clk 0:01:39]} Kh8 {[%clk 0:01:56]} 21. Be4
{[%clk 0:01:37]} Ra7 {[%clk 0:01:53]} 22. Ng5 {[%clk 0:01:31]} Bg7
{[%clk 0:01:47]} 23. Rbd1 {[%clk 0:01:19]} Qe7 {[%clk 0:01:43]} 24. Ngh7
{[%clk 0:00:43]} Bxf6 {[%clk 0:01:39]} 25. Nxf6 {[%clk 0:00:34]} Ng4
{[%clk 0:01:29]} 26. Nxg4 {[%clk 0:00:17]} hxg4 {[%clk 0:01:30]} 27. Qf2
{[%clk 0:00:16]} f5 {[%clk 0:01:24]} 28. Bc2 {[%clk 0:00:17]} Qc7
{[%clk 0:01:19]} 29. e4 {[%clk 0:00:16]} Kg7 {[%clk 0:01:09]} 30. exf5
{[%clk 0:00:13]} gxf5 {[%clk 0:01:10]} 31. Qe3 {[%clk 0:00:13]} Qe7
{[%clk 0:00:54]} 32. g3 {[%clk 0:00:08]} Rf7 {[%clk 0:00:44]} 33. Qe5+
{[%clk 0:00:08]} Qf6 {[%clk 0:00:45]} 34. Qe3 {[%clk 0:00:07]} Rac7
{[%clk 0:00:29]} 35. Rde1 {[%clk 0:00:09]} Bd7 {[%clk 0:00:27]} 36. Bd1
{[%clk 0:00:07]} Rb7 {[%clk 0:00:13]} 37. Bxg4 {[%clk 0:00:08]} Rb3
{[%clk 0:00:15]} 38. Rc1 {[%clk 0:00:07]} Qh6 {[%clk 0:00:13]} 39. Qxh6+
{[%clk 0:00:06]} Kxh6 {[%clk 0:00:15]} 40. Bd1 {[%clk 0:00:07]} Ra3
{[%clk 0:00:13]} 41. Re1 {[%clk 0:00:08]} Kg7 {[%clk 0:00:13]} 42. Kf2
{[%clk 0:00:09]} Kf6 {[%clk 0:00:14]} 43. Be2 {[%clk 0:00:07]} a5
{[%clk 0:00:07]} 44. Bb5 {[%clk 0:00:05]} Bxb5 {[%clk 0:00:08]} 45. axb5
{[%clk 0:00:06]} c4 {[%clk 0:00:09]} 46. Re2 {[%clk 0:00:06]} Rb3
{[%clk 0:00:10]} 47. Ra2 {[%clk 0:00:07]} Rxb5 {[%clk 0:00:11]} 48. Rca1
{[%clk 0:00:08]} Ra7 {[%clk 0:00:11]} 49. Ra4 {[%clk 0:00:08]} Rc5
{[%clk 0:00:12]} 50. Rd1 {[%clk 0:00:06]} Rb7 {[%clk 0:00:09]} 51. Rd4
{[%clk 0:00:07]} Rb2+ {[%clk 0:00:09]} 52. Kf3 {[%clk 0:00:04]} Rc2
{[%clk 0:00:09]} 53. Rdxc4 {[%clk 0:00:05]} Rxc3+ {[%clk 0:00:10]} 54. Rxc3
{[%clk 0:00:05]} Rxc3+ {[%clk 0:00:11]} 55. Kf2 {[%clk 0:00:06]} Rc5
{[%clk 0:00:12]} 56. Rd4 {[%clk 0:00:05]} Ke5 {[%clk 0:00:10]} 57. Ra4
{[%clk 0:00:05]} Kf6 {[%clk 0:00:08]} 58. Rd4 {[%clk 0:00:06]} Ke7
{[%clk 0:00:09]} 59. Kf3 {[%clk 0:00:04]} e5 {[%clk 0:00:10]} 60. Ra4
{[%clk 0:00:05]} Kf6 {[%clk 0:00:08]} 61. Kf2 {[%clk 0:00:06]} Rc2+
{[%clk 0:00:06]} 62. Ke3 {[%clk 0:00:05]} Rc3+ {[%clk 0:00:07]} 63. Kf2
{[%clk 0:00:06]} Rc5 {[%clk 0:00:08]} 64. Ra3 {[%clk 0:00:06]} e4
{[%clk 0:00:08]} 65. Ke3 {[%clk 0:00:03]} Ke5 {[%clk 0:00:07]} 66. h5
{[%clk 0:00:05]} Kf6 {[%clk 0:00:06]} 67. Kf4 {[%clk 0:00:05]} a4
{[%clk 0:00:06]} 68. Rxa4 {[%clk 0:00:05]} Rc3 {[%clk 0:00:04]} 69. Ra6+
{[%clk 0:00:06]} Kf7 {[%clk 0:00:05]} 70. Ra7+ {[%clk 0:00:04]} Kf6
{[%clk 0:00:05]} 71. Ra6+ {[%clk 0:00:05]} Kf7 {[%clk 0:00:07]} 72. Ra7+
{[%clk 0:00:06]} Kf6 {[%clk 0:00:08]} 73. Ra6+ {[%clk 0:00:06]} Kf7
{[%clk 0:00:09]} 74. Kxf5 {[%clk 0:00:04]} Rxg3 {[%clk 0:00:10]} 75. Ra7+
{[%clk 0:00:04]} Kg8 {[%clk 0:00:11]} 76. Kxe4 {[%clk 0:00:04]} Rg5
{[%clk 0:00:11]} 77. h6 {[%clk 0:00:05]} 1/2-1/2

[Event "Russian Blitz Championship (m)"]
[Site "Sochi"]
[Date "2022.10.14"]
[Round "13.11"]
[White "Petrov, Nikita"]
[Black "Iljiushenok, Ilia"]
[Result "1/2-1/2"]
[BlackElo "2467"]
[WhiteElo "2528"]
[LiveChessVersion "1.4.8"]

1. d4 {[%clk 0:03:03]} Nf6 {[%clk 0:03:03]} 2. Bg5 {[%clk 0:03:04]} d5
{[%clk 0:03:04]} 3. e3 {[%clk 0:03:04]} c5 {[%clk 0:03:05]} 4. c3
{[%clk 0:03:05]} Nc6 {[%clk 0:03:04]} 5. Nd2 {[%clk 0:03:05]} h6 {[%clk 0:02:51]}
6. Bh4 {[%clk 0:02:50]} cxd4 {[%clk 0:02:50]} 7. exd4 {[%clk 0:02:50]} Qb6
{[%clk 0:01:54]} 8. Qb3 {[%clk 0:02:47]} Qxb3 {[%clk 0:01:46]} 9. axb3
{[%clk 0:02:47]} Bf5 {[%clk 0:01:39]} 10. Ngf3 {[%clk 0:02:40]} e6
{[%clk 0:01:41]} 11. b4 {[%clk 0:02:40]} Bd6 {[%clk 0:01:40]} 12. Bb5
{[%clk 0:02:29]} O-O {[%clk 0:01:35]} 13. Bxc6 {[%clk 0:02:23]} bxc6
{[%clk 0:01:36]} 14. Bg3 {[%clk 0:02:23]} Bxg3 {[%clk 0:01:22]} 15. hxg3
{[%clk 0:02:19]} Nd7 {[%clk 0:01:16]} 16. Nb3 {[%clk 0:02:19]} Rfb8
{[%clk 0:01:16]} 17. Na5 {[%clk 0:02:04]} Rb6 {[%clk 0:01:14]} 18. Kd2
{[%clk 0:01:58]} f6 {[%clk 0:01:14]} 19. Ra3 {[%clk 0:01:53]} e5 {[%clk 0:00:58]}
20. Nb3 {[%clk 0:01:53]} a6 {[%clk 0:00:55]} 21. Rha1 {[%clk 0:01:47]} Bg4
{[%clk 0:00:37]} 22. R1a2 {[%clk 0:01:19]} Bxf3 {[%clk 0:00:26]} 23. gxf3
{[%clk 0:01:20]} exd4 {[%clk 0:00:28]} 24. Nxd4 {[%clk 0:01:21]} c5
{[%clk 0:00:29]} 25. bxc5 {[%clk 0:01:21]} Nxc5 {[%clk 0:00:30]} 26. b4
{[%clk 0:01:22]} Nb7 {[%clk 0:00:29]} 27. Kd3 {[%clk 0:01:08]} a5
{[%clk 0:00:10]} 28. bxa5 {[%clk 0:01:00]} Nc5+ {[%clk 0:00:12]} 29. Kc2
{[%clk 0:00:56]} Rba6 {[%clk 0:00:13]} 30. Nb5 {[%clk 0:00:50]} Ne6
{[%clk 0:00:09]} 31. Ra1 {[%clk 0:00:37]} Kf7 {[%clk 0:00:10]} 32. f4
{[%clk 0:00:35]} g6 {[%clk 0:00:11]} 33. g4 {[%clk 0:00:35]} f5 {[%clk 0:00:10]}
34. gxf5 {[%clk 0:00:36]} gxf5 {[%clk 0:00:12]} 35. Nd4 {[%clk 0:00:30]} Nxf4
{[%clk 0:00:11]} 36. Nxf5 {[%clk 0:00:29]} h5 {[%clk 0:00:10]} 37. Kd2
{[%clk 0:00:16]} Kf6 {[%clk 0:00:11]} 38. Nd4 h4 39. Ke3 {[%clk 0:00:14]} Ng6
{[%clk 0:00:06]} 40. Kf3 {[%clk 0:00:15]} Ne5+ {[%clk 0:00:07]} 41. Kg2
{[%clk 0:00:16]} Nc4 {[%clk 0:00:07]} 42. Ra4 {[%clk 0:00:17]} Rxa5
{[%clk 0:00:06]} 43. Rxa5 {[%clk 0:00:17]} Rxa5 {[%clk 0:00:07]} 44. Rxa5
{[%clk 0:00:18]} Nxa5 {[%clk 0:00:08]} 45. Kh3 {[%clk 0:00:18]} Kg5
{[%clk 0:00:09]} 46. Nf3+ {[%clk 0:00:15]} Kf4 {[%clk 0:00:10]} 47. Nxh4
{[%clk 0:00:16]} Nc6 {[%clk 0:00:11]} 48. Kg2 {[%clk 0:00:11]} d4
{[%clk 0:00:12]} 49. cxd4 {[%clk 0:00:08]} Nxd4 1/2-1/2

[Event "Russian Blitz Championship (m)"]
[Site "Sochi"]
[Date "2022.10.14"]
[Round "13.12"]
[White "Makarian, Rudik"]
[Black "Demidov, Mikhail"]
[Result "1/2-1/2"]
[BlackElo "2520"]
[WhiteElo "2405"]
[LiveChessVersion "1.4.8"]

1. d4 {[%clk 0:03:03]} g6 {[%clk 0:03:02]} 2. c4 {[%clk 0:03:04]} Bg7
{[%clk 0:03:04]} 3. Nc3 {[%clk 0:03:05]} d6 {[%clk 0:03:05]} 4. Nf3
{[%clk 0:03:05]} Bg4 {[%clk 0:03:01]} 5. g3 {[%clk 0:03:01]} Nf6 {[%clk 0:02:59]}
6. Bg2 {[%clk 0:02:59]} O-O {[%clk 0:02:58]} 7. O-O {[%clk 0:02:59]} Qc8
{[%clk 0:02:55]} 8. Bg5 {[%clk 0:02:48]} h6 {[%clk 0:02:52]} 9. Bxf6
{[%clk 0:02:46]} Bxf6 {[%clk 0:02:51]} 10. Nd5 {[%clk 0:02:47]} Nd7
{[%clk 0:02:36]} 11. Qd2 {[%clk 0:02:46]} Kg7 {[%clk 0:02:05]} 12. h3
{[%clk 0:02:42]} Bxf3 {[%clk 0:02:04]} 13. exf3 {[%clk 0:02:43]} c6
{[%clk 0:01:57]} 14. Nxf6 {[%clk 0:02:42]} Nxf6 {[%clk 0:01:56]} 15. f4
{[%clk 0:02:38]} d5 {[%clk 0:01:56]} 16. Rfe1 {[%clk 0:02:14]} e6
{[%clk 0:01:47]} 17. c5 {[%clk 0:02:12]} Qd7 {[%clk 0:01:37]} 18. b4
{[%clk 0:02:07]} Rfb8 {[%clk 0:01:31]} 19. a4 {[%clk 0:01:44]} a6
{[%clk 0:01:07]} 20. Bf3 {[%clk 0:01:38]} Re8 {[%clk 0:00:55]} 21. Kg2
{[%clk 0:01:39]} Rad8 {[%clk 0:00:55]} 22. Rab1 {[%clk 0:01:39]} Ng8
{[%clk 0:00:51]} 23. Rb2 {[%clk 0:01:34]} Ne7 {[%clk 0:00:52]} 24. Be2
{[%clk 0:01:28]} Ng8 {[%clk 0:00:47]} 25. Reb1 {[%clk 0:01:17]} Ra8
{[%clk 0:00:47]} 26. Bd3 {[%clk 0:01:15]} Qd8 {[%clk 0:00:45]} 27. Ra2
{[%clk 0:01:07]} Qf6 {[%clk 0:00:45]} 28. Qe3 {[%clk 0:01:07]} Ne7
{[%clk 0:00:45]} 29. Qe5 {[%clk 0:00:31]} Nf5 {[%clk 0:00:44]} 30. Bxf5
{[%clk 0:00:31]} exf5 {[%clk 0:00:43]} 31. Qxf6+ {[%clk 0:00:32]} Kxf6
{[%clk 0:00:44]} 32. a5 {[%clk 0:00:23]} Re4 {[%clk 0:00:42]} 33. Rd2
{[%clk 0:00:24]} g5 {[%clk 0:00:39]} 34. Kf3 {[%clk 0:00:20]} Rae8
{[%clk 0:00:36]} 35. Rbd1 {[%clk 0:00:18]} Kg6 {[%clk 0:00:35]} 36. Rb1
{[%clk 0:00:15]} f6 {[%clk 0:00:34]} 37. Rbd1 {[%clk 0:00:15]} h5
{[%clk 0:00:34]} 38. h4 {[%clk 0:00:13]} Rg8 {[%clk 0:00:28]} 39. hxg5
{[%clk 0:00:10]} fxg5 {[%clk 0:00:29]} 40. fxg5 {[%clk 0:00:11]} Kxg5
{[%clk 0:00:27]} 41. Rh1 {[%clk 0:00:12]} Rge8 {[%clk 0:00:21]} 42. Rhd1
{[%clk 0:00:08]} f4 {[%clk 0:00:18]} 43. Rg1 {[%clk 0:00:07]} fxg3
{[%clk 0:00:18]} 44. Rxg3+ {[%clk 0:00:07]} Rg4 {[%clk 0:00:16]} 45. Rd3
{[%clk 0:00:06]} Ree4 {[%clk 0:00:15]} 46. Kg2 {[%clk 0:00:05]} h4
{[%clk 0:00:11]} 47. Rxg4+ {[%clk 0:00:06]} Rxg4+ {[%clk 0:00:12]} 48. Kh3
{[%clk 0:00:06]} Re4 {[%clk 0:00:05]} 49. Kg2 {[%clk 0:00:05]} Kf5
{[%clk 0:00:04]} 50. Rf3+ {[%clk 0:00:06]} Rf4 {[%clk 0:00:04]} 51. Rd3
{[%clk 0:00:06]} Ke4 {[%clk 0:00:04]} 52. Re3+ {[%clk 0:00:06]} Kxd4
{[%clk 0:00:05]} 53. Re7 {[%clk 0:00:07]} h3+ {[%clk 0:00:05]} 54. Kxh3
{[%clk 0:00:07]} Rxf2 {[%clk 0:00:06]} 55. Rxb7 {[%clk 0:00:08]} Kc4
{[%clk 0:00:06]} 56. Rb6 {[%clk 0:00:07]} Rf6 {[%clk 0:00:05]} 57. b5
{[%clk 0:00:04]} axb5 {[%clk 0:00:06]} 58. a6 {[%clk 0:00:05]} Rf8
{[%clk 0:00:06]} 59. Rxc6 {[%clk 0:00:07]} b4 {[%clk 0:00:06]} 60. Rc7
{[%clk 0:00:06]} b3 {[%clk 0:00:06]} 61. a7 {[%clk 0:00:06]} Ra8 {[%clk 0:00:06]}
62. c6 {[%clk 0:00:07]} Kc5 {[%clk 0:00:05]} 63. Kg4 {[%clk 0:00:07]} Kb6
{[%clk 0:00:06]} 64. Rb7+ {[%clk 0:00:08]} Kxc6 {[%clk 0:00:07]} 65. Rxb3
{[%clk 0:00:08]} Rxa7 {[%clk 0:00:08]} 66. Kf4 {[%clk 0:00:09]} Re7
{[%clk 0:00:09]} 67. Re3 {[%clk 0:00:08]} Rf7+ {[%clk 0:00:09]} 68. Ke5
{[%clk 0:00:10]} Re7+ {[%clk 0:00:06]} 69. Kd4 {[%clk 0:00:11]} Rxe3 70. Kxe3
1/2-1/2

[Event "Russian Blitz Championship (m)"]
[Site "Sochi"]
[Date "2022.10.14"]
[Round "13.13"]
[White "Dragomarezkij, Evgeni"]
[Black "Ponkratov, Pavel"]
[Result "0-1"]
[BlackElo "2515"]
[WhiteElo "2283"]
[LiveChessVersion "1.4.8"]

1. d4 {[%clk 0:03:04]} Nf6 {[%clk 0:03:03]} 2. c4 {[%clk 0:03:05]} e5
{[%clk 0:03:04]} 3. dxe5 {[%clk 0:03:05]} Ng4 {[%clk 0:03:05]} 4. Bf4
{[%clk 0:03:04]} g5 {[%clk 0:03:06]} 5. Bd2 {[%clk 0:03:03]} Nxe5
{[%clk 0:03:03]} 6. Bc3 {[%clk 0:03:04]} Bg7 {[%clk 0:03:03]} 7. Nf3
{[%clk 0:03:03]} Qe7 {[%clk 0:02:55]} 8. Nxe5 {[%clk 0:02:59]} Bxe5
{[%clk 0:02:56]} 9. Bxe5 {[%clk 0:03:00]} Qxe5 {[%clk 0:02:57]} 10. Nc3
{[%clk 0:03:01]} d6 {[%clk 0:02:56]} 11. Qd2 {[%clk 0:03:01]} Be6
{[%clk 0:02:54]} 12. e3 {[%clk 0:02:45]} Nc6 {[%clk 0:02:55]} 13. O-O-O
{[%clk 0:02:22]} O-O-O {[%clk 0:02:52]} 14. Nd5 {[%clk 0:02:06]} Rhe8
{[%clk 0:02:49]} 15. Qc3 {[%clk 0:02:05]} Bxd5 {[%clk 0:02:16]} 16. Qxe5
{[%clk 0:02:05]} Nxe5 {[%clk 0:02:17]} 17. cxd5 {[%clk 0:02:02]} f5
{[%clk 0:02:16]} 18. g3 {[%clk 0:01:33]} Ng4 {[%clk 0:01:36]} 19. Rd2
{[%clk 0:01:31]} Re5 {[%clk 0:01:36]} 20. Bg2 {[%clk 0:01:23]} Rf8
{[%clk 0:01:36]} 21. Bf3 {[%clk 0:00:54]} Kd8 {[%clk 0:01:24]} 22. h4
{[%clk 0:00:54]} h6 {[%clk 0:01:17]} 23. hxg5 {[%clk 0:00:54]} hxg5
{[%clk 0:01:18]} 24. Rh5 {[%clk 0:00:50]} Rg8 {[%clk 0:01:14]} 25. Bxg4
{[%clk 0:00:47]} fxg4 {[%clk 0:01:15]} 26. Kd1 {[%clk 0:00:41]} Rf8
{[%clk 0:01:09]} 27. Ke1 {[%clk 0:00:36]} Rff5 {[%clk 0:01:09]} 28. Rd4
{[%clk 0:00:30]} Rxd5 {[%clk 0:01:06]} 29. Rxg4 {[%clk 0:00:30]} Rc5
{[%clk 0:01:02]} 30. e4 {[%clk 0:00:24]} Rfe5 {[%clk 0:00:56]} 31. Kd2
{[%clk 0:00:24]} a5 {[%clk 0:00:55]} 32. f4 {[%clk 0:00:23]} gxf4
{[%clk 0:00:50]} 33. Rh8+ {[%clk 0:00:17]} Kd7 {[%clk 0:00:51]} 34. Rxf4
{[%clk 0:00:17]} Kc6 {[%clk 0:00:49]} 35. Rh7 {[%clk 0:00:17]} Kb6
{[%clk 0:00:45]} 36. Kd3 {[%clk 0:00:14]} a4 {[%clk 0:00:45]} 37. Rh2
{[%clk 0:00:14]} Rc1 {[%clk 0:00:43]} 38. Rg2 {[%clk 0:00:14]} Rd1+
{[%clk 0:00:22]} 39. Ke3 {[%clk 0:00:14]} d5 {[%clk 0:00:21]} 40. Re2
{[%clk 0:00:13]} Rg5 {[%clk 0:00:20]} 41. Kf3 {[%clk 0:00:14]} Rd3+
{[%clk 0:00:20]} 42. Kf2 {[%clk 0:00:08]} Rdxg3 {[%clk 0:00:17]} 43. exd5
{[%clk 0:00:10]} Rg2+ {[%clk 0:00:15]} 44. Ke1 {[%clk 0:00:11]} Rg1+
{[%clk 0:00:15]} 45. Rf1 {[%clk 0:00:06]} Rxf1+ {[%clk 0:00:15]} 46. Kxf1
{[%clk 0:00:07]} Rxd5 {[%clk 0:00:16]} 47. Ke1 {[%clk 0:00:07]} Kb5
{[%clk 0:00:17]} 48. Re4 {[%clk 0:00:07]} b6 {[%clk 0:00:18]} 49. Ke2
{[%clk 0:00:08]} c5 {[%clk 0:00:18]} 50. Rf4 {[%clk 0:00:08]} Ka5
{[%clk 0:00:19]} 51. Re4 {[%clk 0:00:07]} b5 {[%clk 0:00:20]} 52. a3
{[%clk 0:00:08]} b4 {[%clk 0:00:19]} 53. axb4+ {[%clk 0:00:08]} cxb4
{[%clk 0:00:20]} 54. Re8 {[%clk 0:00:09]} Kb5 {[%clk 0:00:22]} 55. Ra8
{[%clk 0:00:09]} Rd7 {[%clk 0:00:20]} 56. Ke3 {[%clk 0:00:08]} Rd1
{[%clk 0:00:20]} 57. Rb8+ {[%clk 0:00:08]} Kc4 {[%clk 0:00:22]} 58. Rf8 Kb3 59.
Rf2 Rb1 0-1

[Event "Russian Blitz Championship (m)"]
[Site "Sochi"]
[Date "2022.10.14"]
[Round "13.14"]
[White "Drygalov, Andrey"]
[Black "Obgolts, Erik"]
[Result "0-1"]
[BlackElo "2407"]
[WhiteElo "2498"]
[LiveChessVersion "1.4.8"]

1. e4 {[%clk 0:03:03]} c5 {[%clk 0:03:03]} 2. Nf3 {[%clk 0:03:04]} e6
{[%clk 0:03:04]} 3. b3 {[%clk 0:02:59]} b6 {[%clk 0:03:05]} 4. Bb2
{[%clk 0:02:59]} Bb7 {[%clk 0:03:06]} 5. Qe2 {[%clk 0:03:00]} d6 {[%clk 0:02:46]}
6. g3 {[%clk 0:02:57]} Nf6 {[%clk 0:02:45]} 7. Nc3 {[%clk 0:02:56]} Nc6
{[%clk 0:02:33]} 8. Bg2 {[%clk 0:02:54]} Be7 {[%clk 0:02:34]} 9. O-O
{[%clk 0:02:54]} O-O {[%clk 0:02:33]} 10. Rad1 {[%clk 0:02:49]} e5
{[%clk 0:01:35]} 11. d3 {[%clk 0:02:41]} Re8 {[%clk 0:01:36]} 12. Nh4
{[%clk 0:02:18]} Nd4 {[%clk 0:01:35]} 13. Qd2 {[%clk 0:02:19]} d5
{[%clk 0:01:22]} 14. Rfe1 {[%clk 0:01:59]} Qd7 {[%clk 0:01:07]} 15. Nf3
{[%clk 0:01:50]} Nxf3+ {[%clk 0:01:07]} 16. Bxf3 {[%clk 0:01:51]} d4
{[%clk 0:01:07]} 17. Ne2 {[%clk 0:01:49]} b5 {[%clk 0:01:06]} 18. c3
{[%clk 0:01:38]} a5 {[%clk 0:01:02]} 19. Bg2 {[%clk 0:01:13]} Bf8
{[%clk 0:01:02]} 20. h3 {[%clk 0:01:05]} a4 {[%clk 0:00:56]} 21. f4
{[%clk 0:00:59]} exf4 {[%clk 0:00:46]} 22. Nxf4 {[%clk 0:00:56]} axb3
{[%clk 0:00:35]} 23. axb3 {[%clk 0:00:56]} Ra2 {[%clk 0:00:30]} 24. Ra1
{[%clk 0:00:46]} Rxa1 {[%clk 0:00:23]} 25. Rxa1 {[%clk 0:00:46]} dxc3
{[%clk 0:00:16]} 26. Bxc3 {[%clk 0:00:37]} b4 {[%clk 0:00:17]} 27. Bxf6
{[%clk 0:00:26]} gxf6 {[%clk 0:00:17]} 28. Qf2 {[%clk 0:00:15]} Bd6
{[%clk 0:00:04]} 29. Rf1 {[%clk 0:00:11]} Be5 {[%clk 0:00:05]} 30. Kh2
{[%clk 0:00:10]} Qd6 {[%clk 0:00:05]} 31. Nh5 {[%clk 0:00:09]} Re6
{[%clk 0:00:04]} 32. Qf5 {[%clk 0:00:09]} Ba6 {[%clk 0:00:04]} 33. Qg4+
{[%clk 0:00:06]} Kf8 {[%clk 0:00:05]} 34. Rd1 {[%clk 0:00:05]} Qd4
{[%clk 0:00:03]} 35. Ng7 {[%clk 0:00:03]} Re8 {[%clk 0:00:03]} 36. Nxe8
{[%clk 0:00:04]} Kxe8 {[%clk 0:00:04]} 37. Qg8+ {[%clk 0:00:05]} Ke7
{[%clk 0:00:06]} 38. Qa8 {[%clk 0:00:04]} Qd6 {[%clk 0:00:05]} 39. Qa7+
{[%clk 0:00:04]} Kf8 {[%clk 0:00:06]} 40. Qa8+ {[%clk 0:00:04]} Kg7
{[%clk 0:00:07]} 41. Qd5 {[%clk 0:00:03]} Qc7 {[%clk 0:00:07]} 42. Kh1
{[%clk 0:00:04]} Bc8 {[%clk 0:00:07]} 43. Qc4 {[%clk 0:00:04]} Be6
{[%clk 0:00:08]} 44. Qc2 {[%clk 0:00:05]} Qd6 {[%clk 0:00:08]} 45. g4
{[%clk 0:00:05]} Qd4 {[%clk 0:00:09]} 46. Rc1 {[%clk 0:00:05]} Qe3
{[%clk 0:00:09]} 47. Rf1 0-1

[Event "Russian Blitz Championship (m)"]
[Site "Sochi"]
[Date "2022.10.14"]
[Round "13.15"]
[White "Bryakin, Mikhail"]
[Black "Tsydypov, Zhamsaran"]
[Result "0-1"]
[BlackElo "2598"]
[WhiteElo "2367"]
[LiveChessVersion "1.4.8"]

1. d4 {[%clk 0:03:03]} Nf6 {[%clk 0:03:02]} 2. Nc3 {[%clk 0:03:04]} d5
{[%clk 0:02:58]} 3. Bf4 {[%clk 0:03:05]} a6 {[%clk 0:02:58]} 4. e3
{[%clk 0:03:05]} e6 {[%clk 0:02:59]} 5. Nf3 {[%clk 0:03:04]} c5 {[%clk 0:03:00]}
6. dxc5 {[%clk 0:03:05]} Bxc5 {[%clk 0:03:00]} 7. Bd3 {[%clk 0:03:06]} Nc6
{[%clk 0:02:56]} 8. O-O {[%clk 0:03:04]} O-O {[%clk 0:02:52]} 9. e4
{[%clk 0:03:06]} h6 {[%clk 0:02:42]} 10. e5 {[%clk 0:02:55]} Nd7 {[%clk 0:02:38]}
11. Qd2 {[%clk 0:02:47]} f5 {[%clk 0:02:38]} 12. exf6 {[%clk 0:02:26]} Qxf6
{[%clk 0:02:34]} 13. Bg3 {[%clk 0:02:21]} b5 {[%clk 0:02:29]} 14. Rad1
{[%clk 0:02:07]} Nb6 {[%clk 0:02:29]} 15. Rfe1 {[%clk 0:01:58]} b4
{[%clk 0:02:21]} 16. Ne2 {[%clk 0:01:56]} e5 {[%clk 0:02:17]} 17. c4
{[%clk 0:01:19]} e4 {[%clk 0:01:58]} 18. cxd5 {[%clk 0:01:15]} exd3
{[%clk 0:01:50]} 19. Nf4 {[%clk 0:00:43]} Nd4 {[%clk 0:01:37]} 20. Qxd3
{[%clk 0:00:20]} Bf5 {[%clk 0:01:33]} 21. Qd2 {[%clk 0:00:17]} Nxf3+
{[%clk 0:01:22]} 22. gxf3 {[%clk 0:00:18]} Rfd8 {[%clk 0:01:20]} 23. Rc1
{[%clk 0:00:17]} Rac8 {[%clk 0:01:14]} 24. Qe2 {[%clk 0:00:18]} Nxd5
{[%clk 0:01:09]} 25. Nxd5 {[%clk 0:00:19]} Rxd5 {[%clk 0:01:10]} 26. Rc4
{[%clk 0:00:12]} Bd3 {[%clk 0:01:08]} 0-1